00454nam a22001577a 450000500170000001000150001702000300003203500140006203700130007608200110008924500670010026000430016727000470021030000200025770000190027720220810114028.0 aENG-134368 a978-93-91373-41-2c300.00 aEN-117900 bDBAD/PUB a612.65 aHuman Growth and Development/cedited by C. Ashok Kumar at all aTamil NadubShanlax Publicationsc2021 aVasanta Nagar, MaduraibTamil Nadue625003 a172p.c24cm(pb) aC. Ashok Kumar